Kontrollingtevékenységek működtetése és továbbfejlesztése, A Szabó Zs. Mélyépítő Bt. kontrollingrendszerének és kontrollingtevékenységeinek vizsgálata

Bibliográfiai részletek
Szerző: Csordás Károly
További közreműködők: Borzán Dr. Anita
Dokumentumtípus: Diplomadolgozat
Kulcsszavak:Kontrollingrendszer kialakítása
Kontrolling tevékenységek
Belső kontrollrendszer
Online Access:http://dolgozattar.uni-bge.hu/9059

MARC

LEADER 00000nta a2200000 i 4500
001 dolg9059
005 20161219095928.0
008 161219suuuu hu om 000 hun d
040 |a BGE Dolgozattár Repozitórium  |b hun 
041 |a hu 
100 1 |a Csordás Károly 
245 1 0 |a Kontrollingtevékenységek működtetése és továbbfejlesztése, A Szabó Zs. Mélyépítő Bt. kontrollingrendszerének és kontrollingtevékenységeinek vizsgálata  |c Csordás Károly  |h [elektronikus dokumentum] 
246 1 1 |a - 
695 |a Kontrollingrendszer kialakítása 
695 |a Kontrolling tevékenységek 
695 |a Belső kontrollrendszer 
700 1 |a Borzán Dr. Anita  |e ths 
856 4 0 |u http://dolgozattar.uni-bge.hu/9059/1/KMBT22220161215121142.pdf  |z Dokumentum-elérés 
856 4 0 |u http://dolgozattar.uni-bge.hu/9059/6/Kajor%20Krisztina.pdf  |z Dokumentum-elérés